| 000 | 00712nam a2200229Ia 4500 | ||
|---|---|---|---|
| 003 | GCL | ||
| 008 | 140319s9999 xx 000 0 ara d | ||
| 040 |
_aGCL / _cGCL |
||
| 082 | 0 | 4 |
_a025 _bا ت |
| 100 | 1 | _aابوالفتوح حامد عودة | |
| 245 | 1 | 0 |
_aتنظيم مصادر المعلومات فى المكتبات والارشيف / _cابوالفتوح حامد عودة |
| 260 |
_a[S.N] : _bمكتبة الانجلوالمصرية ، _c1993 |
||
| 300 | _a246 ص | ||
| 490 | _a | ||
| 650 | 0 | 4 | _aالعلم |
| 650 | 0 | 4 | _aالمعلومات |
| 650 | 0 | 4 | _aمراكز المعلومات |
| 650 | 0 | 4 | _aالفهرسة |
| 650 | 0 | 4 | _aالمكتبات |
| 650 | 0 | 4 | _aالتصنيف |
| 942 |
_2ddc _cBK |
||
| 999 |
_c34078 _d34078 |
||